000
00310nam a2200133Ia 4500
008
150201s2014 xx 000 0 und d
082
_a
617.6
_b
D2012T
100
_a
THOMSON ,PETER
245
_a
ORAL PRECANCER
250
_a
1ST
260
_b
JOHN WILEY-BLACKWELL
650
_a
ORAL PATHOLOGY
942
_2
ddc
_c
BK
999
_c
4881
_d
4881